000 00410nam a2200157Ia 4500
005 20250304111946.0
008 231217s9999 xx 000 0 und d
020 _a9788131406007
082 _a658 TAH;1 R
100 _aTaher, Nasreen. Swapna Gopalan ed.
245 0 _aManagement ideas that work
260 _c2006
_bIcfai
_aHyderabad
300 _aviii, 147
650 _aManagement,ideas
942 _cAA
999 _c190767
_d190767